Normal view
MARC view
- Asad Imtiaz
Entry Personal Name
001 - CONTROL NUMBER
- control field: 47984
003 - CONTROL NUMBER IDENTIFIER
- control field: NUST
005 - DATE AND TIME OF LATEST TRANSACTION
- control field: 20210314133939.0
008 - FIXED-LENGTH DATA ELEMENTS
- fixed length control field: 210314|| aca||aabn | a|a d
040 ## - CATALOGING SOURCE
- Original cataloging agency: NUST
- Transcribing agency: NUST
100 ## - HEADING--PERSONAL NAME
- Personal name: Asad Imtiaz
670 ## - SOURCE DATA FOUND
- Source citation: Work cat.: (NUST): Asad Imtiaz., CAD of RCC slab/, 2004.
